UBT Library

Bailey's textbook of histology. (Record no. 42891)

000 -LEADER
fixed length control field 00566cam a2200217 4500
001 - CONTROL NUMBER
control field 279327
005 - DATE AND TIME OF LATEST TRANSACTION
control field 20180220041323.0
008 - FIXED-LENGTH DATA ELEMENTS--GENERAL INFORMATION
fixed length control field 700523s1964 mdua b 001 0 eng
010 ## - LIBRARY OF CONGRESS CONTROL NUMBER
LC control number 64018738
040 ## - CATALOGING SOURCE
Original cataloging agency DLC
Transcribing agency DLC
Modifying agency DLC
041 ## - LANGUAGE CODE
Language code of text/sound track or separate title eng
080 ## - UNIVERSAL DECIMAL CLASSIFICATION NUMBER
Universal Decimal Classification number 611.01
082 00 - DEWEY DECIMAL CLASSIFICATION NUMBER
Classification number 611.018 COP
100 1# - Rafti
Rafti 9
101 ## - Shkurtesa
Shkurtesa HIST
245 10 - TITLE STATEMENT
Title Bailey's textbook of histology.
Statement of responsibility, etc Rev. by Wilfred M. Copenhaver.
504 ## - BIBLIOGRAPHY, ETC. NOTE
Bibliography, etc Includes bibliographies.
740 0# - ADDED ENTRY--UNCONTROLLED RELATED/ANALYTICAL TITLE
Uncontrolled related/analytical title Textbook of histology.
906 ## - LOCAL DATA ELEMENT F, LDF (RLIN)
a 7
b cbc
c orignew
d u
e ncip
f 19
g y-gencatlg
942 ## - ADDED ENTRY ELEMENTS (KOHA)
Source of classification or shelving scheme
Item type Books
Holdings
Withdrawn status Lost status Source of classification or shelving scheme Damaged status Not for loan Collection code Permanent location Current location Shelving location Date acquired Total Checkouts Full call number Barcode Date last seen Price effective from Koha item type
          Koleksioni i përgjithshem UBT - Lipjan UBT - Lipjan Koleksioni i përgjithshem 02/20/2018   611.018 COP 002-2998828 02/20/2018 02/20/2018 Books
UBT Library © 2015-2024. All rights reserved University Education for Business and Technology